Design for Six Sigma: 15 ponaučení vedoucí firmy objevily, jak se vyhnout nástrahám

Kolektív autorov z 15 ponaučení získaných od rôznych dotazovaných firiem, podáva úplný pohľad na to, čo znamená previesť organizáciu z deterministickej na pravdepodobnostnú kultúru. Výklad pojmu Six Sigma. Čo je DFSS. Výzvy k úspešnej implementácii DFSS.

Enregistré dans:
Détails bibliographiques
Format: Chapitre de livre
Langue:tchèque
Sujets:
Tags: Ajouter un tag
Pas de tags, Soyez le premier à ajouter un tag!

MARC

LEADER 00000naa a2200000 4500
001 r046925
005 20230524134640.9
041 0 |a cze 
044 |a CZ 
245 1 0 |a Design for Six Sigma: 15 ponaučení  |b vedoucí firmy objevily, jak se vyhnout nástrahám 
520 |a Kolektív autorov z 15 ponaučení získaných od rôznych dotazovaných firiem, podáva úplný pohľad na to, čo znamená previesť organizáciu z deterministickej na pravdepodobnostnú kultúru. Výklad pojmu Six Sigma. Čo je DFSS. Výzvy k úspešnej implementácii DFSS. 
610 2 0 |a kultúra podniková 
610 2 0 |a zmeny organizačné 
610 2 0 |a zmeny technologické 
610 2 0 |a rozvoj podniku 
610 2 0 |a vývoj podniku